History Quiz

Random History or Famous Quiz

Notable People Buried at Arlington National Cemetery Quiz Stats

 Plays Quiz Updated Dec 21, 2013

Support Sporcle.
Go Orange.
Score 0/18 Timer 06:00
0 Plays Today
Bio Notable Person % Correct
The brother of a former U.S. President, he was assassinated during his 1968 presidential campaign.Robert F. Kennedy
98.7%
First Lady from 1961 to 1963 who is remembered by many for her elegance, style, and grace.Jacqueline Kennedy Onassis
89.2%
He was the 35th President of the United States and the fourth president to be assassinated.John F. Kennedy
84.4%
This brother of a former U.S. President served 47 years in the Senate until his death in 2009.Ted Kennedy
73.9%
Secretary of State for President Eisenhower, and Cold War era figure for which Washington D.C.'s international airport is named.John Foster Dulles
69.2%
When he was appointed by President Lyndon Johnson, he became the first African-American Supreme Court Justice.Thurgood Marshall
62.9%
A famous plan to provide post-World War II aid to Europe was named after this former military leader and Secretary of State.George C. Marshall
62%
He was the only U.S. President to have served as president and Chief Justice of the Supreme Court.William Howard Taft
61.7%
Though it is still debated, legend has it that this man invented baseball in Cooperstown, New York in 1839.Abner Doubleday
55.3%
Bio Notable Person % Correct
This African-American professional boxer was the World Heavyweight Champion from 1937 to 1949.Joe Louis
47.6%
Famous cases during his tenure as Chief Justice of the Supreme Court included Brown v. Board of Education, Miranda v. Arizona, and Gideon v. Wainwright.Earl Warren
45.8%
Leader of the 'free silver' movement who lost the 1896 and 1900 presidential elections to William McKinley.William Jennings Bryan
40.4%
He was Chief Justice of the Supreme Court from 1986 to 2005.William Rehnquist
40%
This World War I leader of the American Expeditionary Forces is the only man to be promoted in his lifetime to General of the Armies, the highest rank ever held in the U.S.John J. Pershing
37.9%
The second American to fly in space, he was killed in the Apollo 1 pre-launch disaster.Gus Grissom
29.3%
The longest-serving Republican senator in history, Anchorage's international airport is named for him.Ted Stevens
26.6%
He was the French-American architect who designed the layout for Washington, D.C.Pierre L'Enfant
22.3%
Inventor of the railway air brake, he also founded an electric company (named after him) that exists today as a nuclear power company.George Westinghouse
17.4%

From the Vault

Pick a Potato Dish

by hellofromUK

Might as well face it: you're addicted to spuds.
Remove Ads.
Support Sporcle.
Get the best of Sporcle when you Go Orange. This ad-free experience offers more features, more stats, and more fun while also helping to support Sporcle. Thank you for becoming a member.

Show Comments

Extras

Top Quizzes Today


Score Distribution

Your Account Isn't Verified!

In order to create a playlist on Sporcle, you need to verify the email address you used during registration. Go to your Sporcle Settings to finish the process.

Report this User

Report this user for behavior that violates our Community Guidelines.

Details: